Born in Edmonton - Statistics

General Stats
  • This quiz has been taken 16 times
  • The average score is 6 of 14
Answer Stats
Hint Answer % Correct
Actor, known for his role as Marty McFly in the "Back to the Future" films 1961 Michael J. Fox
93%
Premier of Alberta from 2015 to 2019 1964 Rachel Notley
64%
Billionaire businessman and owner of the Edmonton Oilers 1961 Daryl Katz
57%
Hockey Hall of Fame member and former winger who played for the Flames, Penguins, Bruins, Avalanche and Kings 1977 Jarome Iginla
57%
Winger and alternate captain for the Montreal Canadiens 1992 Brendan Gallagher
50%
Actor, known for his roles as Richard Castle in "Castle" and Mal Reynolds in "Firefly" 1971 Nathan Fillion
50%
Clinical psychologist, professor emeritus at the University of Toronto, author, podcaster and one of the most prominent conservative public intellectuals, "12 Rules for Life" 1962 Jordan Peterson
43%
Left winger who plays for the Boston Bruins 1996 Jake DeBrusk
36%
Defenceman and captain of the Minnesota Wild 1989 Jared Spurgeon
36%
Singer, "Lost Boy" "Dandelions" "Superficial Love" 1995 Ruth B.
29%
Former soccer goalkeeper who played for the Canadian women's national team and won a gold medal at the 2020 Summer Olympics 1986 Stephanie Labbé
29%
Novelist, known for writing "Shoeless Joe" which was adapted into the film "Field of Dreams" 1935 W. P. Kinsella
29%
Director, "Love Story" and president of the Academy of Motion Picture Arts and Sciences from 1993 to 1997 1923 Arthur Hiller
21%
Actress, known for her roles as Jordan Cavanaugh in "Crossing Jordan" and Claire Kincaid in "Law & Order" 1968 Jill Hennessy
21%
No matching quizzes found
Score Distribution
Percent of People with Each Score
Percentile by Number Answered
Your Score History
You have not taken this quiz